|
|
|
|
| LEADER |
00000nab a2200000 a 4500 |
| 001 |
vtls000731945 |
| 003 |
SK-MaSNL |
| 005 |
20260305030418.0 |
| 008 |
140422c2000 xo 0 slo |
| 015 |
|
|
|a SNBRB2000/11-27622
|
| 035 |
|
|
|a CLN000084064
|
| 040 |
|
|
|a SNKBUCL
|b slo
|c SNKBUCL
|e AACR2
|
| 041 |
0 |
|
|a slo
|
| 044 |
|
|
|a xo
|c SK
|
| 080 |
|
|
|a 791.43.091.4:791.43.05
|2 1997
|
| 080 |
|
|
|a 791.43.05
|2 1997
|
| 100 |
1 |
|
|a Litschauerová, Nina,
|d 1924-2001
|4 aut
|9 5081
|
| 245 |
1 |
0 |
|a Dobrá správa
|c Nina Litschauerová
|
| 300 |
|
|
|b Fotogr.
|
| 611 |
1 |
7 |
|a Art film
|n (8. :
|d 2000 :
|c Trenčianske Teplice, Slovensko)
|2 snkbucl
|9 96861
|
| 651 |
|
7 |
|a Trenčín (Slovensko : okres)
|2 snkbucl
|9 75018
|
| 655 |
|
7 |
|a články z novín a časopisov
|2 snkbucl
|9 267496
|
| 773 |
0 |
|
|t Literárny týždenník
|g Roč. 13, č. 31 (2000), s. 11
|x 0862-5999
|
| 850 |
|
|
|a Slovenská národná knižnica v Martine
|
| 852 |
|
|
|a SNK
|b KIS3GCP
|
| 992 |
|
|
|a RBX
|
| 999 |
|
|
|c 3311313
|d 3313243
|